[Event "Championnat de France des Jeunes - Junio"]
[Site "Aix les Bains"]
[Date "2009.04.22"]
[Round "5.2"]
[White "Frederic, Clement"]
[Black "Favarel, Antoine"]
[Result "1/2-1/2"]
[WhiteElo "2208"]
[BlackElo "2204"]
[PlyCount "84"]

1. e4 c5 2. Nf3 Nc6 3. d4 cxd4 4. Nxd4 Nf6 5. Nc3 e5 6. Ndb5 d6 7. Nd5 Nxd5 8.
exd5 Nb8 9. c4 Be7 10. Be2 O-O 11. O-O a6 12. Nc3 f5 13. Kh1 Nd7 14. f4 Bf6 15.
Be3 exf4 16. Bxf4 Be5 17. Qd2 a5 18. Nb5 Bxf4 19. Qxf4 Ra6 20. Rae1 Nc5 21. b3
Qf6 22. Qd4 Bd7 23. Qxf6 Rxf6 24. Nd4 Rb6 25. Bd1 Rf7 26. Bc2 g6 27. Rf2 Ra6
28. Rfe2 Ra8 29. a3 Rff8 30. Re7 Rfe8 31. R1e2 Rxe7 32. Rxe7 Re8 33. Rxe8+ Bxe8
34. Kg1 Kf7 35. Kf2 Kf6 36. Ke3 Bd7 37. g3 g5 38. Nf3 h6 39. Nd4 Ke5 40. Nxf5
Kf6 41. Nd4 Ke5 42. Nf3+ Kf6 1/2-1/2

[Event "Championnat de France des Jeunes - Junio"]
[Site "Aix les Bains"]
[Date "2009.04.22"]
[Round "5.4"]
[White "Poignot, Quentin"]
[Black "Le Bail, Clara"]
[Result "0-1"]
[WhiteElo "2148"]
[BlackElo "2048"]
[Annotator "Rivier,Sylvain"]
[PlyCount "145"]

1. e4 e6 2. d4 d5 3. e5 c5 4. Qg4 Nc6 5. Nf3 cxd4 6. Bd3 f5 7. Qg3 Qc7 8. O-O
Bc5 9. a3 a5 10. Re1 Nh6 11. h3 Nf7 12. Qxg7 Bf8 13. Qg3 Bd7 14. c3 dxc3 15.
Nxc3 O-O-O 16. Nb5 Qb8 17. Be3 b6 18. Rac1 Kb7 19. Bd2 Rc8 20. b4 axb4 21. axb4
Nxb4 22. Rxc8 Qxc8 23. Rc1 Nc6 24. Nbd4 Bc5 25. Nb3 Be7 26. Qf4 Qc7 27. Bb5 Rc8
28. Nbd4 Nfd8 29. Nxc6 Bxc6 30. Nd4 Qd7 31. Nxc6 Nxc6 32. Qa4 Bc5 33. Ba6+ Kb8
34. Bxc8 Qxc8 35. Ra1 Qb7 36. Qh4 Bd4 37. Rc1 Bxe5 38. Bf4 Bxf4 39. Qxf4+ Qc7
40. Qa4 Kb7 41. Qb5 Qd6 42. Ra1 Qc5 43. Qe2 Nd4 44. Qh5 Qc7 45. Rd1 Nc6 46. f4
b5 47. Qe2 Kb6 48. Kh1 Qd6 49. Rb1 Nd4 50. Qe3 Qc5 51. Rd1 Nc6 52. Qxe6 d4 53.
Qb3 Qc4 54. Qb1 Qd5 55. Qd3 Qe4 56. Qd2 Kc5 57. Rc1+ Kb6 58. Re1 Qd5 59. Qf2 b4
60. Kh2 Kb5 61. g4 b3 62. Rb1 Na5 63. g5 Qe4 64. Re1 Qc2 65. Re2 Qc3 66. Rd2
Nc6 67. h4 Qe3 68. Qf1+ Kb4 69. Re2 Qc3 70. Qh1 d3 71. Re1 Qc2+ 72. Kg3 d2 73.
Rd1 {suite illisible} 0-1

[Event "Championnat de France des Jeunes - Junio"]
[Site "Aix les Bains"]
[Date "2009.04.22"]
[Round "5.5"]
[White "Valles, Manuel"]
[Black "Congiu, Mathilde"]
[Result "1-0"]
[WhiteElo "2125"]
[BlackElo "2212"]
[Annotator "Rivier,Sylvain"]
[PlyCount "92"]

1. e4 e5 2. Nf3 Nc6 3. d4 exd4 4. c3 d5 5. Bb5 dxe4 6. Nxd4 Bd7 7. Bxc6 bxc6 8.
Qe2 Bd6 9. Qxe4+ Qe7 10. Nd2 c5 11. Ne2 Rb8 12. O-O Nf6 13. Qxe7+ Bxe7 14. c4
Ng4 15. h3 Ne5 16. b3 Nd3 17. Ba3 O-O 18. Rad1 Bc6 19. Nc1 Nf4 20. Rfe1 Rfe8
21. f3 Rbd8 22. Ne4 Bh4 23. Rxd8 Rxd8 24. g3 Bxe4 25. gxh4 Bc6 26. Kf2 g5 27.
hxg5 Nxh3+ 28. Kg3 Nxg5 29. Bxc5 Rd2 30. Be3 Nxf3 31. Bxd2 Nxd2 32. Re7 Ne4+
33. Kh4 Nd6 34. Rxc7 Bf3 35. Rxa7 h5 36. Kg3 Bg4 37. Nd3 Be2 38. Nf2 Kg7 39.
Rd7 Nf5+ 40. Kf4 Kg6 41. a4 Ng7 42. a5 Ne6+ 43. Ke3 Bf1 44. Ne4 Bg2 45. b4 h4
46. Ra7 h3 {suite illisible} 1-0

[Event "Championnat de France des Jeunes - Junio"]
[Site "Aix les Bains"]
[Date "2009.04.22"]
[Round "5.6"]
[White "Bressac, Stephane"]
[Black "Lepigoche, Cyril"]
[Result "1-0"]
[WhiteElo "2142"]
[BlackElo "1973"]
[PlyCount "43"]

1. e4 c5 2. Nf3 d6 3. d4 cxd4 4. Nxd4 Nf6 5. Nc3 g6 6. Be3 Bg7 7. f3 Nc6 8. Qd2
O-O 9. Bc4 Bd7 10. Bb3 Qa5 11. O-O-O Rfc8 12. Kb1 Ne5 13. h4 Nc4 14. Bxc4 Rxc4
15. Nb3 Qc7 16. h5 Rc8 17. hxg6 fxg6 18. e5 Ne8 19. exd6 Nxd6 20. Qd5+ Kf8 21.
Rxh7 Bf6 22. Bh6+ 1-0

[Event "Championnat de France des Jeunes - Junio"]
[Site "Aix les Bains"]
[Date "2009.04.22"]
[Round "5.7"]
[White "Assedo, Johaquim"]
[Black "Pouchon, Mickael"]
[Result "0-1"]
[WhiteElo "1799"]
[BlackElo "1902"]
[PlyCount "80"]

1. e4 e5 2. Nf3 Nc6 3. d4 exd4 4. Bc4 Bc5 5. c3 Nf6 6. O-O dxc3 7. Nxc3 d6 8.
Bg5 h6 9. Bh4 Bg4 10. Nd5 g5 11. Bg3 O-O 12. b4 Bb6 13. Re1 Nxd5 14. exd5 Nxb4
15. h3 Bxf3 16. Qxf3 Nc2 17. Qf5 Nxe1 18. Rxe1 Kg7 19. Bd3 Rh8 20. h4 Qf6 21.
hxg5 hxg5 22. Qg4 Qh6 23. Kf1 Qh1+ 24. Ke2 Qh5 25. Kf3 Qxg4+ 26. Kxg4 Kf6 27.
f4 Rag8 28. fxg5+ Rxg5+ 29. Kf3 Rxd5 30. Be4 Ra5 31. Re2 Ra3+ 32. Kf4 Bd4 33.
Be1 Be5+ 34. Kg4 Rg8+ 35. Kh5 Rh8+ 36. Kg4 Rg8+ 37. Kh5 c6 38. Bf3 Rh8+ 39. Kg4
Ra4+ 40. Be4 d5 0-1

[Event "Championnat de France des Jeunes - Junio"]
[Site "Aix les Bains"]
[Date "2009.04.22"]
[Round "5.8"]
[White "Brethes, Francois"]
[Black "Grimmer, Jonathan"]
[Result "1-0"]
[WhiteElo "2272"]
[BlackElo "1875"]
[PlyCount "102"]

1. Nf3 e6 2. d4 f5 3. d5 Be7 4. dxe6 dxe6 5. Qxd8+ Bxd8 6. Bf4 Nf6 7. Nc3 O-O
8. e3 Nd5 9. Nxd5 exd5 10. O-O-O c6 11. c4 Be6 12. Nd4 Bf7 13. Nxf5 Bh5 14. f3
Rxf5 15. g4 Rxf4 16. exf4 Bf7 17. cxd5 cxd5 18. Bc4 Bc7 19. Bxd5 Bxf4+ 20. Kb1
Bxd5 21. Rxd5 Nc6 22. Rd7 b6 23. h4 Re8 24. a3 Re2 25. Rhd1 Kf8 26. Rb7 Be5 27.
Rdd7 Rxb2+ 28. Kc1 Ra2 29. f4 Ra1+ 30. Kc2 Ra2+ 31. Kd3 Rxa3+ 32. Kc4 Ra4+ 33.
Kd5 Ra5+ 34. Ke6 Bxf4 35. Rd5 Rxd5 36. Kxd5 Nd8 37. Rxa7 b5 38. Rd7 b4 39.
Rxd8+ Ke7 40. Ra8 Kf6 41. Ra6+ Kf7 42. Rb6 Bd2 43. Ke4 Bc3 44. Kf5 g6+ 45. Kf4
h6 46. h5 gxh5 47. gxh5 Bd2+ 48. Ke5 Ke7 49. Rb7+ Kd8 50. Ke6 Bf4 51. Kf6 Bd2
1-0

[Event "Championnat de France des Jeunes - Junio"]
[Site "Aix les Bains"]
[Date "2009.04.22"]
[Round "5.9"]
[White "Brih, Touatia"]
[Black "Le Berre, Tennessee"]
[Result "1-0"]
[WhiteElo "1960"]
[BlackElo "1834"]
[PlyCount "117"]

1. Nf3 g6 2. d4 Bg7 3. g3 Nf6 4. Bg2 O-O 5. O-O d6 6. Re1 Nbd7 7. e4 e5 8. c3
Re8 9. Nbd2 exd4 10. cxd4 c5 11. d5 Ng4 12. Nc4 Nde5 13. Ncxe5 Nxe5 14. Nxe5
Bxe5 15. Qb3 Rb8 16. f4 Bg7 17. Bd2 b5 18. Bc3 c4 19. Qc2 Qb6+ 20. Qf2 Qxf2+
21. Kxf2 b4 22. Bxg7 Kxg7 23. Rac1 Ba6 24. e5 Rb6 25. Bh3 Bb7 26. Bd7 Re7 27.
Ba4 dxe5 28. Red1 Rd6 29. Rxc4 Rxd5 30. Rxb4 Rxd1 31. Bxd1 e4 32. Ke3 f5 33. a4
Ba6 34. Rd4 Kf6 35. b4 Bc8 36. Bb3 Rd7 37. b5 Rxd4 38. Kxd4 Bb7 39. a5 g5 40.
Ke3 h6 41. h3 Ke7 42. g4 fxg4 43. hxg4 h5 44. gxh5 g4 45. Bd1 g3 46. Ke2 Kf6
47. Kf1 e3 48. Bg4 Kg7 49. b6 axb6 50. axb6 Kf6 51. Kg1 Kg7 52. f5 Bc6 53. Kf1
Bb7 54. Be2 Kg8 55. Bd3 Kg7 56. Bc4 Kh6 57. f6 Kh7 58. f7 Kg7 59. h6+ 1-0

[Event "Championnat de France des Jeunes - Junio"]
[Site "Aix les Bains"]
[Date "2009.04.22"]
[Round "5.10"]
[White "Scalia, Jerome"]
[Black "Wojtkowski, Frederic"]
[Result "0-1"]
[WhiteElo "1833"]
[BlackElo "1923"]
[PlyCount "86"]

1. d4 d5 2. Nf3 e6 3. g3 Bd6 4. Bg2 f5 5. Bf4 Nd7 6. Nbd2 Bxf4 7. gxf4 Ngf6 8.
Ne5 c6 9. e3 Qb6 10. b3 O-O 11. O-O Qd8 12. c4 Qe8 13. Rc1 Kh8 14. b4 a6 15. a4
Ng8 16. Qb3 Nxe5 17. fxe5 g5 18. f4 g4 19. b5 axb5 20. axb5 Qe7 21. cxd5 cxd5
22. Ra1 Bd7 23. Ra4 Rfc8 24. Rfa1 Rxa4 25. Qxa4 Rc3 26. Nf1 Rc4 27. Qa5 Rb4 28.
Qc7 Bxb5 29. Qc8 Ba6 30. Nd2 Rb2 31. Qc1 Qb4 32. Rb1 Rxb1 33. Nxb1 Bc4 34. Nd2
b5 35. Bf1 Qa5 36. Qe1 Bxf1 37. Kxf1 Qc3 38. Ke2 b4 39. Qb1 Ne7 40. Qd1 Qa3 41.
Nb1 Qa2+ 42. Nd2 Qa6+ 43. Kf2 Qd3 0-1

[Event "Championnat de France des Jeunes - Junio"]
[Site "Aix les Bains"]
[Date "2009.04.22"]
[Round "5.11"]
[White "Roubert, Emile"]
[Black "Perrusset, Barbara"]
[Result "0-1"]
[WhiteElo "1918"]
[BlackElo "1817"]
[PlyCount "52"]

1. e4 c5 2. Nf3 Nc6 3. c3 Nf6 4. e5 Nd5 5. d4 cxd4 6. cxd4 d6 7. Bc4 e6 8. Qe2
Be7 9. O-O O-O 10. Nc3 Nxc3 11. bxc3 dxe5 12. dxe5 Qa5 13. Qe4 Qxc3 14. Bd2 Qa3
15. Bd3 g6 16. Rfb1 Bd8 17. h4 Bc7 18. Rb3 Qe7 19. Bg5 Qd7 20. Rd1 Qd5 21. Qg4
Nxe5 22. Nxe5 Qxe5 23. Rb5 Qh2+ 24. Kf1 e5 25. Qf3 h5 26. Bh6 Bg4 0-1

[Event "Championnat de France des Jeunes - Junio"]
[Site "Aix les Bains"]
[Date "2009.04.22"]
[Round "5.12"]
[White "Flores, Francisco"]
[Black "Attarian, Florent"]
[Result "0-1"]
[WhiteElo "1810"]
[BlackElo "1894"]
[PlyCount "78"]

1. e4 d5 2. exd5 Nf6 3. d4 Bg4 4. Be2 Bxe2 5. Nxe2 Qxd5 6. O-O Nc6 7. Nbc3 Qh5
8. Bf4 O-O-O 9. Qd3 e5 10. Bg3 Nxd4 11. Nxd4 Rxd4 12. Qb5 Nd7 13. Rad1 a6 14.
Qe2 Qxe2 15. Nxe2 Rxd1 16. Rxd1 Bc5 17. Rd3 Rd8 18. h3 f6 19. Rc3 Bb6 20. a4
Nc5 21. Rc4 Rd2 22. Nc3 Rxc2 23. a5 Ba7 24. Kh2 Rxb2 25. Nd5 c6 26. Ne7+ Kd7
27. Nf5 g6 28. Nh6 Ke6 29. f4 e4 30. Rd4 f5 31. Rd8 Nd3 32. Bh4 Nxf4 33. Re8+
Kd5 34. Rd8+ Kc4 35. Rd1 Nxg2 36. Rc1+ Kd3 37. Bf6 Re2 38. Kh1 Re1+ 39. Rxe1
Nxe1 0-1

[Event "Championnat de France des Jeunes - Junio"]
[Site "Aix les Bains"]
[Date "2009.04.22"]
[Round "5.13"]
[White "Saint-Gilles, Damien"]
[Black "Flaquet, Sebastien"]
[Result "0-1"]
[WhiteElo "1669"]
[BlackElo "1707"]
[PlyCount "78"]

1. d4 Nf6 2. Nf3 d5 3. e3 Bg4 4. Be2 c5 5. Nbd2 Nc6 6. Ne5 Bxe2 7. Qxe2 cxd4 8.
Nxc6 bxc6 9. exd4 e6 10. O-O Be7 11. Nf3 Rb8 12. Ne5 Qc7 13. c3 O-O 14. Bf4 Bd6
15. Rfe1 Nd7 16. b3 c5 17. Rac1 Nxe5 18. dxc5 Nf3+ 19. Qxf3 Bxf4 20. Rcd1 Bxh2+
21. Kh1 Be5 22. Rd3 Bf6 23. Qh5 Qxc5 24. Rh3 h6 25. Ree3 Bg5 26. Reg3 Qe7 27.
Qg4 e5 28. Rh5 Rb6 29. Qd1 Rd8 30. Qc2 e4 31. Qe2 Qe5 32. Qg4 Qf4 33. Qh3 Qc1+
34. Kh2 Bf4 35. Qh4 Bxg3+ 36. fxg3 Rdd6 37. Re5 Re6 38. Rxd5 Rbd6 39. Rf5 Rd1
0-1

[Event "Championnat de France des Jeunes - Junio"]
[Site "Aix les Bains"]
[Date "2009.04.22"]
[Round "5.14"]
[White "Esposito, Julie"]
[Black "Gillet, Noel"]
[Result "1-0"]
[WhiteElo "1840"]
[BlackElo "1690"]
[PlyCount "81"]

1. d4 Nf6 2. Bf4 g6 3. e3 Bg7 4. Nd2 d6 5. Ngf3 O-O 6. Bc4 Nbd7 7. h3 c5 8. c3
a6 9. a4 b6 10. O-O Bb7 11. Qb1 Bc6 12. Qd3 d5 13. Ba2 c4 14. Qe2 Bxa4 15. Bxc4
dxc4 16. Rxa4 b5 17. Raa1 Nb6 18. e4 e6 19. b3 cxb3 20. Nxb3 Na4 21. Rfc1 Nb6
22. Nc5 Qc8 23. Bd6 Rd8 24. e5 Nfd7 25. Ng5 Nc4 26. Nxd7 Qxd7 27. Bc5 Rdc8 28.
Ne4 Qd8 29. Rd1 Rc6 30. Qf3 Qc8 31. Nf6+ Kh8 32. Qf4 Qd8 33. g4 Qc7 34. Ne4 f5
35. gxf5 exf5 36. Nd6 Nxe5 37. Nxb5 Qb8 38. Nd6 Kg8 39. Qe3 Nd7 40. Qe6+ Kh8
41. Qxd7 1-0

[Event "Championnat de France des Jeunes - Junio"]
[Site "Aix les Bains"]
[Date "2009.04.22"]
[Round "5.15"]
[White "Duveau, Erwan"]
[Black "Figier, Anthony"]
[Result "0-1"]
[WhiteElo "1784"]
[BlackElo "1630"]
[PlyCount "116"]

1. d4 d5 2. c4 c6 3. Nc3 Nf6 4. e3 e6 5. Bd3 Nbd7 6. Nge2 Be7 7. O-O O-O 8. c5
b6 9. cxb6 axb6 10. f4 h6 11. h3 Nh7 12. g4 f5 13. gxf5 exf5 14. Ng3 g6 15. Kh2
Bh4 16. Rg1 Kh8 17. Qf3 Ndf6 18. Bd2 Qd7 19. Rg2 Ne4 20. Bxe4 fxe4 21. Qg4 Qxg4
22. hxg4 Bxg4 23. Nge2 h5 24. a3 Kg7 25. Rc1 Nf6 26. Ng1 Bf5 27. Be1 Bxe1 28.
Rxe1 Rh8 29. Nge2 Ng4+ 30. Rxg4 Bxg4 31. Ng1 b5 32. Rc1 Raf8 33. Nce2 Rf6 34.
Kg3 Bd7 35. Kh4 Kf7 36. Nh3 Bxh3 37. Kxh3 g5 38. Rg1 g4+ 39. Kh4 Kg6 40. Rc1
Rc8 41. Rc5 Rf7 42. Nc3 Rfc7 43. Na2 Kf5 44. Nb4 g3 45. Rc2 Rg8 46. Rg2 Rg4+
47. Kh3 h4 48. Na6 Ra7 49. Nc5 Rg8 50. Rc2 g2 51. Rxg2 Rxg2 52. Kxg2 Kg4 53.
Ne6 Ra4 54. Ng7 Rc4 55. f5 Rc2+ 56. Kf1 h3 57. Ke1 h2 58. Kd1 Rg2 0-1

[Event "Championnat de France des Jeunes - Junio"]
[Site "Aix les Bains"]
[Date "2009.04.22"]
[Round "5.17"]
[White "Doziere, Nicolas"]
[Black "Dolz, Elisabeth"]
[Result "0-1"]
[WhiteElo "1290"]
[BlackElo "1718"]
[PlyCount "88"]

1. e4 e5 2. Nc3 Nf6 3. Nf3 Bb4 4. Bc4 O-O 5. a3 Bxc3 6. dxc3 Nxe4 7. O-O d6 8.
Qd5 Nf6 9. Qd3 e4 10. Qe3 exf3 11. Qxf3 Be6 12. Bxe6 fxe6 13. Qxb7 Nbd7 14. b4
Qb8 15. Qxb8 Raxb8 16. Be3 a5 17. Rfe1 e5 18. Reb1 Nd5 19. Bd2 a4 20. b5 N7b6
21. Rd1 Nc4 22. Be3 Ndxe3 23. fxe3 Nxe3 24. Rd2 Rxb5 25. Re2 Nc4 26. Re4 d5 27.
Ree1 Rb2 28. Red1 Rxc2 29. Rxd5 Nxa3 30. Rxe5 Rxc3 31. h3 Ra8 32. Kh2 Nc2 33.
Ra2 a3 34. Re4 c5 35. Re2 Nb4 36. Red2 Nxa2 37. Rxa2 Rb3 38. g4 Rb2+ 39. Rxb2
axb2 40. Kg3 b1=Q 41. Kh4 Qe1+ 42. Kh5 Rd8 43. h4 Rd5+ 44. g5 Qe2# 0-1

[Event "Championnat de France des Jeunes - Junio"]
[Site "Aix les Bains"]
[Date "2009.04.22"]
[Round "5.18"]
[White "Kopp, Tristan"]
[Black "Dabilougou, Quentin"]
[Result "1-0"]
[WhiteElo "1410"]
[BlackElo "1010"]
[PlyCount "71"]

1. e4 e5 2. Nf3 Nc6 3. Bb5 a6 4. Bxc6 dxc6 5. Nxe5 Qd4 6. Nf3 Qxe4+ 7. Qe2
Qxe2+ 8. Kxe2 Bg4 9. Re1 O-O-O 10. d3 Bd6 11. Nbd2 Bxh2 12. g3 Nf6 13. Kf1 Bxg3
14. fxg3 Rde8 15. b3 h6 16. Bb2 Bxf3 17. Nxf3 Rd8 18. Ne5 Rhf8 19. Re2 a5 20.
Ba3 Rfe8 21. Rae1 Rd5 22. Kg2 c5 23. Bb2 Rf8 24. Nc4 b6 25. Bxf6 gxf6 26. Re8+
Rxe8 27. Rxe8+ Rd8 28. Re7 Rd7 29. Re1 Kd8 30. Rh1 Rd5 31. Rxh6 Rf5 32. g4 Rf4
33. Ne3 c4 34. Kg3 Rd4 35. bxc4 Rxg4+ 36. Nxg4 1-0

[Event "Championnat de France des Jeunes - Cadets"]
[Site "Aix les Bains"]
[Date ""]
[Round "5.1"]
[White "Graca, Robert"]
[Black "Demuth, Adrien"]
[Result "0-1"]
[WhiteElo "2170"]
[BlackElo "2330"]
[Annotator ""]

1. Nf3 Nf6 2. c4 g6 3. Nc3 Bg7 4. e4 d6 5. d4 O-O 6. Be2 Na6 7. O-O e5 8. Be3
c6 9. d5 Ng4 10. Bg5 f6 11. Bh4 c5 12. Ne1 h5 13. Nd3 Nb4 14. a3 Nxd3 15. Qxd3
g5 16. Bg3 f5 17. exf5 Bxf5 18. Ne4 Bxe4 19. Qxe4 Nf6 20. Qf5 h4 21. Bxe5 dxe5
22. Qxg5 Qe7 23. Qe3 b6 24. Rad1 Rad8 25. Rfe1 Ne8 26. Bg4 Kh8 27. b3 Qd6 28.
g3 Qg6 29. Be2 e4 30. Bf1 Nd6 31. Qc1 Bd4 0-1

[Event "Championnat de France des Jeunes - Cadet"]
[Site "Aix les Bains"]
[Date "2009.04.22"]
[Round "5.2"]
[White "Massoni, Michael"]
[Black "Hoareau, William"]
[Result "1/2-1/2"]
[WhiteElo "2272"]
[BlackElo "2138"]
[PlyCount "83"]

1. e4 c5 2. Nf3 Nc6 3. c3 d5 4. exd5 Qxd5 5. d4 Bg4 6. Be2 cxd4 7. cxd4 e6 8.
Nc3 Bb4 9. O-O Bxc3 10. bxc3 Nge7 11. Qa4 O-O 12. Rd1 Rfd8 13. h3 Bf5 14. Bg5
Be4 15. Bh4 Qh5 16. Bg3 Nf5 17. Bf4 Nh4 18. Nd2 Qf5 19. Bg3 Bc2 20. Qa3 Bxd1
21. Rxd1 Ng6 22. Bf3 Rac8 23. Ne4 Qa5 24. Qb3 Nce7 25. Nc5 Rxc5 26. dxc5 Rxd1+
27. Qxd1 h6 28. Bd6 Nc6 29. Qb3 Qa6 30. a4 Nh4 31. Bg4 Qd3 32. Bg3 Nf5 33. Qxb7
Nxg3 34. fxg3 Nd8 35. Qc8 Kh7 36. c6 Qd6 37. c7 Nc6 38. Qb7 Qc5+ 39. Kh2 Ne7
40. Bf3 Qxc3 41. Bc6 Nf5 42. c8=Q 1/2-1/2

[Event "Championnat de France des Jeunes - Cadet"]
[Site "Aix les Bains"]
[Date "2009.04.22"]
[Round "5.4"]
[White "Villegas, Pierre"]
[Black "Li, Frederic"]
[Result "1/2-1/2"]
[WhiteElo "2195"]
[BlackElo "2240"]
[PlyCount "82"]

1. d4 Nf6 2. c4 g6 3. Nc3 Bg7 4. e4 d6 5. Nge2 O-O 6. Ng3 c5 7. d5 e6 8. Be2
exd5 9. exd5 a6 10. O-O Nbd7 11. f4 Ne8 12. a4 f5 13. Bd2 Rb8 14. Qc2 Ndf6 15.
h3 Bd7 16. Ra3 b6 17. Rb1 Bc8 18. Be3 Rf7 19. Nf1 Re7 20. Qd2 Ne4 21. Nxe4 Rxe4
22. Bd3 Re7 23. b4 Reb7 24. Rab3 Qd7 25. Qa2 Qc7 26. Nd2 Nf6 27. a5 cxb4 28.
axb6 Rxb6 29. Qa5 R6b7 30. Qxc7 Rxc7 31. Rxb4 Rcb7 32. Rxb7 Rxb7 33. Rxb7 Bxb7
34. Nb3 Nd7 35. Bd2 Nc5 36. Nxc5 Bd4+ 37. Kf1 Bxc5 38. Bc2 Kf7 39. Ke2 Bc8 40.
Ba4 Ke7 41. Ba5 Ba7 1/2-1/2

[Event "Championnat de France des Jeunes - Cadet"]
[Site "Aix les Bains"]
[Date "2009.04.22"]
[Round "5.5"]
[White "Delivre, Raphael"]
[Black "Sochacki, Wojtek"]
[Result "0-1"]
[WhiteElo "2067"]
[BlackElo "2212"]
[PlyCount "52"]

1. e4 e6 2. d4 d5 3. Nd2 Nc6 4. Ngf3 Nf6 5. e5 Nd7 6. Be2 Be7 7. Nf1 f6 8. exf6
Nxf6 9. Ne3 O-O 10. O-O Bd6 11. c4 b6 12. b3 Bb7 13. Bb2 Bf4 14. a3 a5 15. Qd3
Ne7 16. Ne5 Ne4 17. f3 Nd6 18. Rfe1 Nef5 19. Nxf5 Nxf5 20. Bf1 Qh4 21. g3 Nxg3
22. hxg3 Bxg3 23. Re2 dxc4 24. bxc4 Bxe5 25. dxe5 Bxf3 26. Qd4 Rf4 0-1

[Event "Championnat de France des Jeunes - Cadet"]
[Site "Aix les Bains"]
[Date "2009.04.22"]
[Round "5.6"]
[White "Lechelle, William"]
[Black "Ollier, Pablo"]
[Result "0-1"]
[WhiteElo "1991"]
[BlackElo "2200"]
[PlyCount "78"]

1. c4 c5 2. Nc3 Nc6 3. e3 e5 4. Nf3 Nf6 5. d4 cxd4 6. exd4 e4 7. Ne5 Bb4 8.
Nxc6 bxc6 9. Be3 O-O 10. Be2 d5 11. a3 Bxc3+ 12. bxc3 Qa5 13. Qc2 h6 14. O-O
Ba6 15. cxd5 cxd5 16. Rfc1 Rfc8 17. Bxa6 Qxa6 18. Bf4 Rc4 19. Qb3 Rac8 20. Rab1
Qc6 21. Qb7 Qxb7 22. Rxb7 Ra4 23. Bd6 Rxd4 24. Rxa7 Rdc4 25. h3 d4 26. Rd1 dxc3
27. Rb7 c2 28. Rc1 Rd4 29. Bf4 Nd5 30. Rxc2 Nxf4 31. Rcb2 Rc2 32. Rxc2 Rd1+ 33.
Kh2 Ra1 34. Kg3 Nd3 35. Rc3 f5 36. f4 Kh7 37. h4 h5 38. Rbb3 e3 39. Kf3 e2 0-1

[Event "Championnat de France des Jeunes - Cadet"]
[Site "Aix les Bains"]
[Date "2009.04.22"]
[Round "5.7"]
[White "Stephan, Victor"]
[Black "Hutois, Mickael"]
[Result "1-0"]
[WhiteElo "2168"]
[BlackElo "2021"]
[PlyCount "109"]

1. d4 d5 2. c4 e6 3. Nc3 Nf6 4. cxd5 exd5 5. Bg5 Be7 6. e3 O-O 7. Bd3 b6 8.
Bxf6 Bxf6 9. Qh5 g6 10. Qxd5 Qxd5 11. Nxd5 Bd8 12. Nf3 Bb7 13. Nc3 Na6 14. a3
c5 15. Be4 Bxe4 16. Nxe4 f5 17. Nc3 Bf6 18. Rd1 Rad8 19. Ke2 Rfe8 20. dxc5 Nxc5
21. Rxd8 Rxd8 22. Rd1 Rxd1 23. Nxd1 Na4 24. Nd4 Kf7 25. Kd3 a6 26. Kc4 Ke7 27.
b3 Nc5 28. b4 Ne4 29. f3 Nd6+ 30. Kd5 Kd7 31. Nb2 Ne8 32. Nd3 Nc7+ 33. Kc4 Kd6
34. a4 Nd5 35. Nc2 Nc3 36. a5 b5+ 37. Kb3 Na4 38. e4 fxe4 39. fxe4 Bg5 40. Nd4
Be3 41. Ne2 Bd2 42. Kc2 Be3 43. Ndf4 Bxf4 44. Nxf4 Ke5 45. Nd5 Kxe4 46. Nc7 Kd4
47. Kb3 Ke5 48. Nxa6 Kd6 49. g4 Kc6 50. g5 Kd6 51. Kc2 Kc6 52. Nc5 Nxc5 53.
bxc5 Kxc5 54. Kb3 b4 55. a6 1-0

[Event "Championnat de France des Jeunes - Cadet"]
[Site "Aix les Bains"]
[Date "2009.04.22"]
[Round "5.8"]
[White "Lallement, Victor"]
[Black "Feryn, Alexandre"]
[Result "1/2-1/2"]
[WhiteElo "2116"]
[BlackElo "1989"]
[PlyCount "100"]

1. e4 c5 2. Nf3 e6 3. d4 cxd4 4. Nxd4 a6 5. c4 Nf6 6. Nc3 Qc7 7. Bd3 Bc5 8. Nb3
Be7 9. Be3 d6 10. O-O b6 11. f4 Bb7 12. Rc1 Nbd7 13. f5 Ne5 14. Nd4 Neg4 15.
Qe2 d5 16. g3 Nxe3 17. Qxe3 Bc5 18. fxe6 fxe6 19. Kh1 Qe5 20. Nce2 dxe4 21. Bc2
O-O 22. h3 Qh5 23. Nf4 Qh6 24. b4 Ng4 25. Qc3 Bxd4 26. Qxd4 e5 27. Qd7 exf4 28.
Qxg4 e3+ 29. Kh2 f3 30. Be4 Bxe4 31. Qxe4 f2 32. Rc2 Rae8 33. Qd5+ Qe6 34. Re2
Qxd5 35. cxd5 Rf5 36. Kg2 Kf7 37. Rd1 Re4 38. Kf1 Ke7 39. d6+ Kd7 40. Rc2 e2+
41. Rxe2 Rxe2 42. Kxe2 Rf6 43. Kf1 Rxd6 44. Rc1 Rd2 45. a3 Rd3 46. Kxf2 Rxa3
47. Rc4 Rb3 48. Rh4 h6 49. Rg4 g5 50. h4 gxh4 1/2-1/2

[Event "Championnat de France des Jeunes - Cadet"]
[Site "Aix les Bains"]
[Date "2009.04.22"]
[Round "5.9"]
[White "Baudson, Charles"]
[Black "Banuls, Adrien"]
[Result "1/2-1/2"]
[WhiteElo "2103"]
[BlackElo "1902"]
[PlyCount "34"]

1. e4 c5 2. c3 Nf6 3. e5 Nd5 4. Nf3 e6 5. d4 cxd4 6. cxd4 d6 7. Bc4 Nc6 8. O-O
Be7 9. Re1 O-O 10. a3 dxe5 11. dxe5 Qa5 12. Qe2 Rd8 13. Qe4 Bd7 14. Ng5 g6 15.
Rd1 Be8 16. Bd2 Qc7 17. Re1 Nxe5 1/2-1/2

[Event "Championnat de France des Jeunes - Cadet"]
[Site "Aix les Bains"]
[Date "2009.04.22"]
[Round "5.10"]
[White "Allorant, Adrien"]
[Black "Masset, Jacques"]
[Result "1-0"]
[WhiteElo "2076"]
[BlackElo "1847"]
[PlyCount "53"]

1. e4 c5 2. Nf3 Nc6 3. Bb5 g6 4. O-O Bg7 5. Re1 Nf6 6. c3 a6 7. Bf1 O-O 8. h3
d6 9. d4 cxd4 10. cxd4 b5 11. a4 b4 12. Nbd2 Bd7 13. Nb3 d5 14. e5 Ne4 15. Bd3
f5 16. exf6 Nxf6 17. Nc5 Bc8 18. Be3 Qd6 19. Bc2 Nd7 20. Bb3 Na5 21. Bg5 Nf6
22. Re5 Nc6 23. Bxf6 Nxe5 24. dxe5 Qxc5 25. Qxd5+ Qxd5 26. Bxd5+ e6 27. Bxa8
1-0

[Event "Championnat de France des Jeunes - Cadet"]
[Site "Aix les Bains"]
[Date "2009.04.22"]
[Round "5.11"]
[White "Martin, Alexandre"]
[Black "Tachikart, Yassin"]
[Result "0-1"]
[WhiteElo "1817"]
[BlackElo "2107"]
[PlyCount "86"]

1. e4 e5 2. Nf3 Nc6 3. Bb5 a6 4. Ba4 Nf6 5. O-O Be7 6. c3 b5 7. Bc2 O-O 8. Re1
Bb7 9. d4 d6 10. a4 exd4 11. cxd4 Nb4 12. Bd2 Nxc2 13. Qxc2 d5 14. e5 Ne4 15.
axb5 axb5 16. Nc3 b4 17. Na2 c5 18. dxc5 Bxc5 19. Bxb4 Bxf2+ 20. Kh1 Bxe1 21.
Bxf8 Qb6 22. Ba3 Bd2 23. Rf1 Be3 24. Nc3 Rc8 25. Qa4 d4 26. Nxe4 Bxe4 27. Qd7
Qb7 28. e6 fxe6 29. Qxe6+ Kh8 30. Qd6 Bxf3 31. gxf3 h6 32. Qg6 Qb5 33. Re1 Qa5
34. Rd1 Qd5 35. Qe4 Qf7 36. Kg2 Re8 37. Qg4 Qb3 38. Rf1 Qc2+ 39. Kh3 d3 40. Qg6
Re5 41. Bd6 Qc8+ 42. Qg4 Rh5+ 43. Kg2 Rg5 0-1

[Event "Championnat de France des Jeunes - Cadet"]
[Site "Aix les Bains"]
[Date "2009.04.22"]
[Round "5.12"]
[White "Racle, Valentin"]
[Black "Castro, John"]
[Result "0-1"]
[WhiteElo "1947"]
[BlackElo "2085"]
[PlyCount "150"]

1. e4 c5 2. c3 Nf6 3. e5 Nd5 4. d4 cxd4 5. Nf3 Nc6 6. cxd4 d6 7. Bc4 e6 8. O-O
Be7 9. Nbd2 Qc7 10. Re1 O-O 11. Qe2 Nf4 12. Qe3 Ng6 13. a3 a5 14. Bd3 d5 15. h4
f5 16. h5 Nh8 17. Nf1 Qb6 18. Rd1 Bd7 19. N1h2 Be8 20. h6 g6 21. g4 f4 22. Qe2
g5 23. Qc2 Bg6 24. Bxg6 Nxg6 25. Kg2 Rfc8 26. Qd3 a4 27. Bd2 Qa6 28. Qxa6 Rxa6
29. Rac1 Rb6 30. Rc2 Ra8 31. Rdc1 Raa6 32. Bc3 Kf7 33. Ne1 Rb3 34. Nhf3 Nf8 35.
Nd3 Nd7 36. Nb4 Nxb4 37. axb4 a3 38. bxa3 Rbxa3 39. b5 Ra8 40. Bb2 Rb3 41. Rc7
Rd8 42. Ba1 Rxb5 43. Rh1 Kg6 44. Bc3 Rb6 45. Ba5 Ra6 46. Bd2 b5 47. Rb7 Rb6 48.
Rxb6 Nxb6 49. Rb1 Nc4 50. Rxb5 Kxh6 51. Rb7 Re8 52. Rc7 Kg6 53. Rc6 Kf7 54. Rc7
Kg6 55. Rc6 Bf8 56. Bc3 h6 57. Rc7 Be7 58. Rc6 Ba3 59. Ra6 Kf7 60. Ne1 Re7 61.
Nc2 Bb2 62. Bxb2 Nxb2 63. Nb4 Nc4 64. Nd3 Nd2 65. Nc5 Ne4 66. Nd3 Nc3 67. Nc5
Nb5 68. Ra4 Rc7 69. Nb3 Rc4 70. Rxc4 dxc4 71. Nd2 c3 72. Nb3 c2 73. Kf1 Nxd4
74. Nc1 Kg6 75. Ke1 Nf3+ 0-1